Name All String Instruments - Statistics

General Stats
  • This quiz has been taken 85 times
    37 since last reset
  • The average score is 12 of 50
Answer Stats
Initials Instrument % Correct
C. cello
92%
V. violin
88%
A.G. acoustic guitar
80%
V. viola
80%
D.B. double bass
72%
E.G. electric guitar
72%
H. harp
68%
B.G. bass guitar
64%
E.V. electric violin
52%
B. banjo
48%
M. mandolin
48%
L. lute
44%
U. ukulele
44%
A.B.G. acoustic bass guitar
40%
E.V. electric viola
40%
S. sitar
40%
E.C. electric cello
36%
L. lyre
28%
O. oud
24%
Z. zither
24%
S.G. steel guitar
20%
H.G. hurdy-gurdy
12%
P. pipa
12%
B. balalaika
8%
T. theorbo
8%
V.D.G. viola da gamba
8%
V.D'A. viola d'amore
8%
B. bouzouki
4%
G. guitar (classical)
4%
N. nyckelharpa
4%
O. octobass
4%
A.H. aeolian harp
0%
A. archlute
0%
A. arpeggione
0%
B.V. baritone violin
0%
C.D.S. cello da spalla
0%
C. cittern
0%
C. crwth
0%
C. cuatro
0%
H.F. hardanger fiddle
0%
H. huqin
0%
K. kora
0%
L. liuqin
0%
P.G. Portuguese guitar
0%
R. rebab
0%
R. ruan
0%
T. tanpura
0%
T.M. tromba marina
0%
V. veena
0%
Y. yueqin
0%
No matching quizzes found
Score Distribution
Percent of People with Each Score
Percentile by Number Answered
Your Score History
You have not taken this quiz since the last reset